| 000 | 00000nam 2200000za 4500 |
| 001 | 9.697196 |
| 003 | CaOODSP |
| 005 | 20210624235355 |
| 007 | cr ||||||||||| |
| 008 | 150407|2013||||xxc|||||o f|0| 0 eng d |
| 020 | |a978-1-100-21679-9 |
| 040 | |aCaOODSP|beng |
| 043 | |an-cn--- |
| 086 | 1 |aV32-248/2013E-PDF |
| 110 | 1 |aCanada. |bVeterans Affairs Canada. |
| 245 | 10|aCanada remembers - the Battle of Kapyong |h[electronic resource] |
| 260 | |aCharlottetown - Prince Edward Island : |bVeterans Affairs Canada |c[2013]. |
| 300 | |a2p. |
| 590 | |a13-30|b2013-07-26 |
| 690 | 07|aMilitary history|2gcpds |
| 775 | 08|tLe Canada se souvient - la bataille de Kapyong |w(CaOODSP)9.641259 |
| 794 | |tCanada remembers the battle of Kapyong |w(CaOODSP)9.853925 |
| 856 | 40|ahttp://publications.gc.ca|qPDF|s313 KB|uhttps://publications.gc.ca/collections/collection_2013/aac-vac/V32-248-2013-eng.pdf |